000
00239nam a22001097a 4500
999
_c
8259
_d
8259
003
OSt
005
20201008150048.0
008
201008b ||||| |||| 00| 0 eng d
082
_a
739.404
245
_a
Decorative ironwork designs
942
_2
ddc